000 00310 a2200085 4500
100 1 _aNegsseog, S..
_eAutor
245 0 _aTransistor-Vergleichs-Handbuch /
_cNegsseog S..
710 2 _aVerlag fuer technische Literatur Conrad.
_eWydawca
_4pbl
260 _aBerlin :
_bVerlag fuer technische Literatur Conrad,
_c1974.
300 _a215 s.;
_c34 cm.
999 _c8380
_d8380